[Event "EU-ch Railways USIC"]
[Site "?"]
[Date "2000.06.23"]
[Round "6.4"]
[White "Roros Athanasios"]
[Black "Andersen Viggo"]
[Result "0-1"]
[WhiteElo "1775"]
[BlackElo "1600"]
[PlyCount "50"]
[EventDate "2000.??.??"]
[Source "www.chesslib.no"]
[SourceDate "2004.05.04"]

1. d4 Nf6 2. f4 g6 3. Nf3 Bg7 4. e3 O-O 5. Bd3 d6 6. e4 c5 7. c3 Qb6 8. O-O Nbd7 9. Bc4 Nxe4 10. Qb3 Qxb3 11. Bxb3 e6 12. Be3 b6 13. Ba4 Nef6 14. Nbd2 Ba6 15. Rfe1 b5 16. Bc2 Ng4 17. dxc5 Nxe3 18. Rxe3 Nxc5 19. Ne4 Nxe4 20. Bxe4 Rab8 21. Bd3 Bb7 22. Bxb5 Bxf3 23. Rxf3 Rxb5 24. b3 d5 25. Rb1 Rc8 0-1

[Event "Athens SAE op"]
[Site "?"]
[Date "2001.10.29"]
[Round "7.9"]
[White "Efkarpidis Stylianos"]
[Black "Cani Armanto"]
[Result "0-1"]
[WhiteElo "1675"]
[BlackElo "1690"]
[PlyCount "120"]
[EventDate "2001.??.??"]
[Source "www.chesslib.no"]
[SourceDate "2004.05.04"]

1. d4 Nf6 2. f4 g6 3. e3 d5 4. Bd3 Bg7 5. Nd2 e6 6. Ngf3 Nbd7 7. O-O a6 8. c3 b5 9. Ne5 c5 10. a3 Nxe5 11. fxe5 Nd7 12. Nf3 h6 13. g4 Qb6 14. Qe2 Bb7 15. Qf2 O-O 16. Qg3 cxd4 17. exd4 Rac8 18. Kg2 Qd8 19. h4 Nb6 20. Rf2 Nc4 21. g5 h5 22. Ng1 Qc7 23. Rf6 a5 24. Ne2 b4 25. axb4 axb4 26. cxb4 Nb6 27. Bd2 Nc4 28. Bc3 Bxf6 29. gxf6 Nxe5 30. dxe5 d4+ 31. Kh2 dxc3 32. bxc3 Rfd8 33. Rf1 Rxd3 34. Qxd3 Qxe5+ 35. Kh3 Be4 36. Qg3 Bf5+ 37. Kh2 Qxe2+ 38. Rf2 Qg4 39. Rf3 Qxg3+ 40. Kxg3 Rc4 41. b5 Rc5 42. b6 Rb5 43. c4 Rxb6 44. c5 Rc6 45. Rc3 e5 46. Kf2 Kf8 47. Ke3 Ke8 48. Kd2 Kd7 49. Kc1 Ke6 50. Kb2 Kxf6 51. Ka3 Ke6 52. Kb4 Kd5 53. Rc1 Bd3 54. Rc3 e4 55. Rc1 f5 56. Rc3 f4 57. Rc1 f3 58. Rg1 e3 59. Rg5+ Bf5 60. Rg1 e2 0-1

[Event "Bahn-chG"]
[Site "?"]
[Date "2000.09.30"]
[Round "7"]
[White "Mossekel Manfred"]
[Black "Cremerius Armin"]
[Result "1/2-1/2"]
[WhiteElo "1646"]
[BlackElo "1711"]
[PlyCount "37"]
[EventDate "2000.??.??"]
[Source "www.chesslib.no"]
[SourceDate "2004.05.04"]

1. d4 Nf6 2. f4 g6 3. e3 Bg7 4. Nf3 b6 5. Bd3 Bb7 6. Nbd2 Nc6 7. c3 e6 8. O-O Qe7 9. Qe2 O-O-O 10. Ba6 h5 11. Bxb7+ Kxb7 12. Ne5 Nxe5 13. fxe5 Ng4 14. Qf3+ Kb8 15. h3 Nh6 16. e4 Rdf8 17. Nc4 f5 18. exf6 Rxf6 19. Qe2 1/2-1/2

[Event "Bergen"]
[Site "?"]
[Date "2005.09.11"]
[Round "5"]
[White "Omtvedt Aleksander"]
[Black "Valla Martin"]
[Result "0-1"]
[WhiteElo "1508"]
[BlackElo "1817"]
[PlyCount "120"]
[EventDate "2005.??.??"]
[Source "www.chesslib.no"]
[SourceDate "2004.05.04"]

1. d4 Nf6 2. f4 c5 3. e3 cxd4 4. exd4 d5 5. Nf3 Bf5 6. Bd3 Bxd3 7. Qxd3 e6 8. c3 Nc6 9. Nbd2 Bd6 10. Ne5 O-O 11. O-O Qc7 12. Ndf3 g6 13. Nxc6 bxc6 14. g3 c5 15. Be3 c4 16. Qc2 Rab8 17. b4 a5 18. a3 Rb7 19. Ne5 Ne4 20. Rfb1 Ra8 21. Nf3 Qb8 22. Nd2 Nf6 23. Ra2 Rba7 24. Rab2 axb4 25. axb4 Qb5 26. Kg2 Ra3 27. Kf3 Nd7 28. Rg1 Nb6 29. Nb1 Ra1 30. Nd2 R1a3 31. Nb1 R3a7 32. Nd2 Na4 33. Ra2 Nb6 34. Rga1 Rxa2 35. Rxa2 Rxa2 36. Qxa2 Qa4 37. Qxa4 Nxa4 38. Nb1 Kf8 39. Kg4 h5+ 40. Kg5 Kg7 41. Kh4 Nb2 42. Kh3 f6 43. Kg2 Kf7 44. Kf3 Ke7 45. Bd2 Kd7 46. h3 Bf8 47. g4 hxg4+ 48. hxg4 Kc6 49. Na3 Nd3 50. g5 fxg5 51. fxg5 Bd6 52. Be3 Bh2 53. Bd2 Bc7 54. Be3 Bd6 55. Bd2 Be7 56. Bf4 Nxf4 57. Kxf4 Bd6+ 58. Kf3 e5 59. Nc2 Kb5 60. Ke3 Ka4 0-1

[Event "Ellwangen (11.04.-19.04)"]
[Site "?"]
[Date "2003.04.18"]
[Round "8"]
[White "Tienes Rainer"]
[Black "Schneider Ludwig"]
[Result "1/2-1/2"]
[WhiteElo "1624"]
[BlackElo "1687"]
[PlyCount "112"]
[EventDate "2003.??.??"]
[Source "www.chesslib.no"]
[SourceDate "2004.05.04"]

1. d4 Nf6 2. f4 d6 3. Nf3 g6 4. e3 Bg7 5. Bd3 Bg4 6. O-O O-O 7. h3 Bd7 8. c4 Na6 9. a3 c5 10. d5 Nc7 11. Nc3 a6 12. a4 Rb8 13. Rb1 b5 14. axb5 axb5 15. b3 Nh5 16. Ne2 e6 17. g4 Nf6 18. dxe6 fxe6 19. Bb2 bxc4 20. Bxf6 Qxf6 21. bxc4 Bc6 22. e4 Qe7 23. Qd2 Na6 24. Rxb8 Rxb8 25. Rb1 Nb4 26. Ng3 Ra8 27. Rxb4 cxb4 28. Qxb4 Qa7+ 29. c5 Qxc5+ 30. Qxc5 dxc5 31. Kf2 h6 32. f5 exf5 33. gxf5 Bd4+ 34. Nxd4 cxd4 35. fxg6 Bd7 36. Nf5 Bxf5 37. exf5 Kg7 38. Kf3 Re8 39. Be4 Re5 40. Kf4 Kf6 41. g7 Re8 42. h4 Kxg7 43. Kf3 Kf6 44. Kf4 Rb8 45. Bd3 Re8 46. Be4 Rc8 47. Kf3 Ke5 48. Bd3 Rg8 49. Bc2 Rc8 50. Bd3 Rc3 51. Ke2 Kf4 52. f6 Rc8 53. Bg6 Ke5 54. f7 Kf6 55. h5 Rd8 56. Kd3 Kg7 1/2-1/2

[Event "Muensterland Verbandsklasse-B 0203"]
[Site "?"]
[Date "2003.04.05"]
[Round "8.8"]
[White "Focke Robert"]
[Black "Musholt Joachim"]
[Result "0-1"]
[WhiteElo "1590"]
[BlackElo "1712"]
[PlyCount "64"]
[EventDate "2003.??.??"]
[Source "www.chesslib.no"]
[SourceDate "2004.05.04"]

1. d4 Nf6 2. f4 d5 3. Nf3 Bf5 4. e3 e6 5. Bd3 Be7 6. O-O O-O 7. Ne5 Nbd7 8. c4 c6 9. c5 a5 10. Nc3 Ne4 11. Nxe4 Bxe4 12. a3 Nf6 13. Qc2 Qc7 14. Bd2 Bxd3 15. Qxd3 Ne4 16. b4 f6 17. Nf3 Nxd2 18. Qxd2 b5 19. Qc3 Ra7 20. Nd2 Rfa8 21. Nb3 Bd8 22. h4 Qf7 23. g3 Qg6 24. Kf2 axb4 25. axb4 Ra2+ 26. Nd2 Rc2 27. Rxa8 Rxc3 28. Rxd8+ Kf7 29. Ra1 Qc2 30. Ra7+ Kg6 31. h5+ Kxh5 32. g4+ Kh4 0-1

[Event "Oberhof"]
[Site "?"]
[Date "1999.05.26"]
[Round "6"]
[White "Burisch Christin"]
[Black "Schmuck Katrin"]
[Result "1/2-1/2"]
[WhiteElo "1597"]
[BlackElo "1687"]
[PlyCount "42"]
[EventDate "1999.??.??"]
[Source "www.chesslib.no"]
[SourceDate "2004.05.04"]

1. d4 Nf6 2. f4 c5 3. e3 d6 4. Nf3 g6 5. Bd3 Bg7 6. O-O O-O 7. c3 Nc6 8. Qc2 e5 9. Bb5 e4 10. Bxc6 bxc6 11. Nfd2 d5 12. Qa4 Qb6 13. Nb3 c4 14. Nc5 Nd7 15. Nxd7 Bxd7 16. b3 Qb5 17. Qxb5 cxb5 18. Ba3 Rfc8 19. Bc5 Bf8 20. Bxf8 Kxf8 21. b4 Ke7 1/2-1/2

[Event "07.Saarlouis 2004 op"]
[Site "?"]
[Date "2004.05.22"]
[Round "5"]
[White "Gretscher Werner"]
[Black "Moeckel Edgar"]
[Result "0-1"]
[WhiteElo "1443"]
[BlackElo "1808"]
[PlyCount "74"]
[EventDate "2004.??.??"]
[Source "www.chesslib.no"]
[SourceDate "2004.05.04"]

1. d4 Nf6 2. f4 d5 3. e3 Bg4 4. Nf3 e6 5. Bd3 c5 6. c3 Nc6 7. O-O Bd6 8. Kh1 Qc7 9. Nbd2 cxd4 10. cxd4 O-O 11. Qe1 Nb4 12. Bb1 Nc2 13. Bxc2 Qxc2 14. Ne5 Bxe5 15. fxe5 Ne4 16. Nxe4 Qxe4 17. Rf4 Qg6 18. e4 f5 19. exf6 Rxf6 20. e5 Rxf4 21. Bxf4 Rf8 22. Qg3 Qf5 23. Rf1 g5 24. h3 gxf4 25. Qxg4+ Qxg4 26. hxg4 Kg7 27. Kh2 Kg6 28. Kh3 Kg5 29. Rf3 h5 30. gxh5 Kxh5 31. g4+ Kg5 32. Rc3 Rf7 33. Rc8 Rh7+ 34. Kg2 Kxg4 35. Rg8+ Kf5 36. Rf8+ Ke4 37. Rf6 Re7 0-1

[Event "22sen.Saarland-EM Senioren"]
[Site "?"]
[Date "2003.04.19"]
[Round "7.6"]
[White "Yazdkhasti Parvis"]
[Black "Lang Hermann[35Merzig"]
[Result "0-1"]
[WhiteElo "1542"]
[BlackElo "1689"]
[PlyCount "62"]
[EventDate "2003.??.??"]
[Source "www.chesslib.no"]
[SourceDate "2004.05.04"]

1. d4 Nf6 2. f4 c5 3. Nf3 cxd4 4. Qxd4 Nc6 5. Qd1 Ne4 6. Nc3 Nxc3 7. bxc3 g6 8. Nd4 Bg7 9. e3 O-O 10. Bd2 e5 11. Nxc6 dxc6 12. fxe5 Bxe5 13. Qf3 Qa5 14. e4 Be6 15. Be2 Rfd8 16. Qe3 Rxd2 17. Kxd2 Rd8+ 18. Bd3 Bxc3+ 19. Ke2 Bg4+ 20. Kf2 Bd4 21. Qxd4 Rxd4 22. Ke3 Rd7 23. Rhf1 Qc5+ 24. Kf4 Be6 25. g4 Qd6+ 26. Kf3 Qxh2 27. Rh1 Qe5 28. Raf1 a6 29. Rh6 f6 30. Rfh1 c5 31. Be2 Qc3+ 0-1

[Event "Oslo NOR"]
[Site "?"]
[Date "2006.04.13"]
[Round "2"]
[White "Svendsen Magne"]
[Black "Kristinsson Bjarni Jens"]
[Result "0-1"]
[WhiteElo "1431"]
[BlackElo "1798"]
[PlyCount "92"]
[EventDate "2006.??.??"]
[Source "www.chesslib.no"]
[SourceDate "2004.05.04"]

1. d4 Nf6 2. f4 d5 3. Nf3 e6 4. e3 c5 5. c3 Nc6 6. Bd3 Qc7 7. O-O Bd6 8. Nbd2 cxd4 9. cxd4 O-O 10. Ne5 Nb4 11. Bb1 g6 12. Ndf3 Nd7 13. Bd2 f6 14. Nd3 Nc6 15. Bc3 b6 16. a3 Bb7 17. Ba2 Rae8 18. Rc1 Qb8 19. Qe1 a5 20. Qg3 Kg7 21. Rfe1 Re7 22. h4 Rfe8 23. h5 Ba6 24. Rcd1 g5 25. Qg4 h6 26. f5 Bc4 27. Bb1 e5 28. dxe5 Ndxe5 29. Ndxe5 Nxe5 30. Nxe5 Bxe5 31. Bd4 Bg3 32. b4 Bxe1 33. Rxe1 axb4 34. axb4 Qd6 35. Bc2 Qxb4 36. Rb1 Qd2 37. Bxf6+ Kxf6 38. Rxb6+ Kf7 39. Rxh6 Qxe3+ 40. Kh1 Qc1+ 41. Kh2 Qf4+ 42. Qxf4 gxf4 43. f6 Re4 44. Rg6 Be2 45. Rg7+ Kxf6 46. h6 f3 0-1

[Event "08sen.WMD Grieskirchen"]
[Site "?"]
[Date "1998.11.15"]
[Round "6"]
[White "Antusch Ingrid"]
[Black "Kattinger Ingeborg"]
[Result "0-1"]
[WhiteElo "1547"]
[BlackElo "1671"]
[PlyCount "94"]
[EventDate "1998.??.??"]
[Source "www.chesslib.no"]
[SourceDate "2004.05.04"]

1. d4 Nf6 2. f4 d6 3. Nf3 g6 4. e3 Bg7 5. Bd3 c6 6. O-O O-O 7. e4 Qc7 8. Qe1 Nbd7 9. c3 c5 10. d5 c4 11. Bc2 Re8 12. Qh4 Nf8 13. f5 N6d7 14. Bh6 Bxh6 15. Qxh6 Ne5 16. Nbd2 Qb6+ 17. Kh1 Qxb2 18. Ba4 Bd7 19. Bxd7 Nexd7 20. Nxc4 Qxc3 21. Rac1 Qg7 22. Qf4 Nc5 23. Rcd1 Red8 24. Ng5 h6 25. Nh3 g5 26. Qe3 Rac8 27. Nd2 Nfd7 28. Rf2 Nf6 29. Rdf1 Ng4 30. Qe2 Nxf2+ 31. Nxf2 Qb2 32. Ng4 Kh7 33. Qd1 Nd7 34. f6 Nxf6 35. Nxf6+ exf6 36. Nb3 Qc2 37. Qf3 Qc3 38. Qf5+ Kg7 39. Nc1 Qe5 40. Qf3 Rc3 41. Qe2 Rdc8 42. Nd3 Qd4 43. Ne1 Re3 44. Qf2 Rxe4 45. Nf3 Qxf2 46. Rxf2 Rc1+ 47. Ng1 Ree1 0-1

[Event "Schloss Schney (10.06.-18.06)"]
[Site "?"]
[Date "2005.06.14"]
[Round "5.36"]
[White "Antusch Ingrid"]
[Black "Schmeusser Alfred"]
[Result "1/2-1/2"]
[WhiteElo "1414"]
[BlackElo "1661"]
[PlyCount "89"]
[EventDate "2005.??.??"]
[Source "www.chesslib.no"]
[SourceDate "2004.05.04"]

1. d4 Nf6 2. f4 g6 3. Nf3 Bg7 4. e3 b6 5. Bd3 Bb7 6. Nbd2 d5 7. Ne5 Nbd7 8. Qf3 c5 9. c3 O-O 10. O-O e6 11. g4 Ne8 12. Qg2 f5 13. g5 Nd6 14. Ndf3 Ne4 15. h4 a6 16. a4 Qe8 17. b4 c4 18. Bc2 Nxc3 19. Nd2 Nxe5 20. fxe5 Ne4 21. Ba3 b5 22. a5 h6 23. Nf3 h5 24. Bc1 Qe7 25. Rb1 Rf7 26. Kh2 Raf8 27. Ng1 Qc7 28. Kh3 Rc8 29. Ne2 Kh7 30. Nf4 Re7 31. Qe2 Nc3 32. Qf3 Rh8 33. Rb2 Bc8 34. Bd2 Ne4 35. Be1 Bd7 36. Bxe4 fxe4 37. Qe2 Be8 38. Rc2 Rf8 39. Bc3 Qd7 40. Qg2 Rf5 41. Rcf2 Bf7 42. Rg1 Qe8 43. Qf1 Qd7 44. Qe2 Qa7 45. Rgf1 1/2-1/2